000 00811cab a2200253 4500
001 WB2830-04
008 090401t1992 xxu||||| |||| 00| 0 eng d
035 _a(Sirsi) u68717
041 _aeng
245 _aRecession continues for building industry
260 _c1992
350 _a0
490 _aFinancial Times
_v28 July 1992, 16
490 _aGuardian
_v28 July 1992, 1(1)
520 _aThe Building Employers Confederation has warned of severe job losses in the industry by Christmas 1992 unless the Government leads a recovery by rekindling the housing market.
650 _aBUILDING EMPLOYERS CONFEDERATION
650 _aCONSTRUCTION INDUSTRY
650 _aEMPLOYMENT
650 _aJOB LOSSES
650 _aRECESSION
690 _aBUILT ENVIRONMENT
942 _n0
948 _c04/03/1997
999 _c43121
_d43121